Entrepreneurship Successfully launching New Ventures (Record no. 12509)

MARC details
000 -LEADER
fixed length control field 00425nam a22001697a 4500
003 - CONTROL NUMBER IDENTIFIER
control field OSt
008 - FIXED-LENGTH DATA ELEMENTS--GENERAL INFORMATION
fixed length control field 240416b |||||||| |||| 00| 0 eng d
020 ## - INTERNATIONAL STANDARD BOOK NUMBER
International Standard Book Number 9789353066499
082 ## - DEWEY DECIMAL CLASSIFICATION NUMBER
Classification number 658.421 BAE
100 ## - MAIN ENTRY--PERSONAL NAME
Personal name BARRINGER, Bruce R
245 ## - TITLE STATEMENT
Title Entrepreneurship Successfully launching New Ventures
250 ## - EDITION STATEMENT
Edition statement 6th Ed
260 ## - PUBLICATION, DISTRIBUTION, ETC. (IMPRINT)
Place of publication, distribution, etc N. Delhi
Name of publisher, distributor, etc Pearson
Date of publication, distribution, etc 2024
300 ## - PHYSICAL DESCRIPTION
Extent 617
700 ## - ADDED ENTRY--PERSONAL NAME
Personal name DUANE IRELAND,R
942 ## - ADDED ENTRY ELEMENTS (KOHA)
Source of classification or shelving scheme Dewey Decimal Classification
Koha item type Text Books
Holdings
Withdrawn status Lost status Source of classification or shelving scheme Damaged status Not for loan Collection code Home library Current library Date acquired Source of acquisition Currency Cost, normal purchase price Bill Number Total Checkouts Full call number Acc. no. / Barcode Date last seen Actual Cost, discounted price Bill Date Koha item type Date last borrowed
    Dewey Decimal Classification     BBA(DIGITAL MARKETING) PIET C-LIBRARY PIET C-LIBRARY 31/03/2024 Zafaa Books and Distributors In rupees 835.00 ZBD0498   658.421 BAE 37049 16/04/2024 567.80 31/03/2024 Reference Books  
    Dewey Decimal Classification     BBA(DIGITAL MARKETING) PIET C-LIBRARY PIET C-LIBRARY 31/03/2024 Zafaa Books and Distributors In rupees 835.00 ZBD0498   658.421 BAE 37050 16/04/2024 567.80 31/03/2024 Text Books  
    Dewey Decimal Classification     BBA(DIGITAL MARKETING) PIET C-LIBRARY PIET C-LIBRARY 31/03/2024 Zafaa Books and Distributors In rupees 835.00 ZBD0498   658.421 BAE 37051 16/04/2024 567.80 31/03/2024 Text Books  
    Dewey Decimal Classification     BBA(DIGITAL MARKETING) PIET C-LIBRARY PIET C-LIBRARY 31/03/2024 Zafaa Books and Distributors In rupees 835.00 ZBD0498   658.421 BAE 37052 16/04/2024 567.80 31/03/2024 Text Books  
    Dewey Decimal Classification     BBA(DIGITAL MARKETING) PIET C-LIBRARY PIET C-LIBRARY 31/03/2024 Zafaa Books and Distributors In rupees 835.00 ZBD0498 2 658.421 BAE 37053 23/01/2025 567.80 31/03/2024 Text Books 16/09/2024

Design & Developed by: PIET Central Library
R70 Miles Stone Pattikalyana Samalkha Panipat 132102
mail ID :- [email protected], Phone No:- 0180-2569700 Ex.216